KOHA-Header-6

The 8051 Microcontroller (Record no. 9181)

000 -LEADER
fixed length control field 00235nam a2200109Ia 4500
020 ## - INTERNATIONAL STANDARD BOOK NUMBER
ISBN 978-0137800087
100 ## - MAIN ENTRY--AUTHOR NAME
Personal name Scott Mackenzie
245 #4 - TITLE STATEMENT
Title The 8051 Microcontroller
260 ## - PUBLICATION, DISTRIBUTION, ETC. (IMPRINT)
Place of publication India
Name of publisher Pearson
Year of publication 2001
300 ## - PHYSICAL DESCRIPTION
Number of Pages 821
942 ## - ADDED ENTRY ELEMENTS (KOHA)
Koha item type Books
Holdings
Withdrawn status Lost status Collection code Permanent Location Current Location Shelving location Date acquired Full call number Accession Number Koha item type
    Electrical Engineering MAJU MAJU Shelf No.A25 2019-09-14 332.2 4607 Electrical Engineering

Powered by Koha